000
00308nam a2200121 a 4500
008
110107s1971|||| d
100
1
_a
Vanko, Augustín
245
1
0
_a
V. I. Lenin o socialistickej iniciatíve más
260
_b
Pravda
_a
Bratislava
_c
1971
020
_c
2,50
044
_a
xo
_c
SK
041
_a
slo
999
_c
15553
_d
15553